000 003310000a22001450004500
020 _a84-206-1614-1
041 0 _aSPA
082 0 4 _aG 863 B7325a
100 1 _aBorges, Jorge Luis (1899-1986)
245 1 0 _aDiscusión / Jorge Luis Borges
260 _aMadrid, España : Alianza
300 _a152 Pag
001 11010
942 _cBK
999 _c40383
_d40383